000 02036cam a22002895a 4500
005 20110311002921.0
010 _aB-437455-460
020 _a9788183281782
_c1495.00
035 _aB-437455-460
037 _bAllied/DE/2010/CR/0003015/31.3.11/293/24.3.11/191/31.3.11
082 _a791.4309
245 0 0 _aAsian film journeys :
_bselections from Cinemaya /
_ceditors, Rashmi Doraiswamy & Latika Padgaonkar.
260 _aNew Delhi :
_bWisdom Tree ;
_aBaralesgamuwa :
_bNETPAC,
_c2010.
300 _axv, 640 p. :
_bill. ;
_c24 cm. (Hb)
700 1 _aDoraiswamy, Rashmi.
_931099
700 1 _aPadgaonkar, Latika.
_931100
730 0 2 _aCinemaya.
_931101
942 _2ddc
_cEN
_h791.4309
_mASI
999 _c54797
_d54797